000 01528nam a2200337 i 4500
001 000027616
003 DO-SdBNP
005 20260306092421.0
007 ta
008 110401s1972 dr 000 0 spa d
040 _aDO-SdBNP
_bspa
_cBNPHU
_erda
041 _aspa
082 4 _a346.729307
_bR426c 1972
_222
110 1 _aRepública Dominicana.
_9447
240 1 0 _aCódigo de Comercio (1884)
245 1 0 _aCódigo de comercio de la República Dominicana :
_barreglado por la comisión nombrada por el Poder Ejecutivo y conforme al decreto del Congreso Nacional de fecha 4 de julio de 1882, conservando el orden de los artículos del texto francés vigente en la República desde el año de 1845 y leyes complementarias y conexas /
_cedición Francisco A. Hernández; revisada y puesta al día por Hernán Cruz Ayala.
264 _aSanto Domingo :
_bJulio D. Postigo,
_c1972.
300 _a367 páginas ;
_c23 cm.
336 _atexto
_btxt
_2rdacontent
337 _asin mediación
_bn
_2rdamedia
338 _avolumen
_bnc
_2rdacarrier
500 _aIncluye referencias bibliográficas y notas al pie de las páginas
533 _aReimpresión de la segunda edición :
_d1967.
590 _aInventariado, 2018/LP
650 4 _aDerecho comercial
_zRepública Dominicana
_914449
650 4 _aLeyes
_zRepública Dominicana
_93033
700 1 _aHernández, Francisco A.,
_eeditor
_919647
_4ed.
700 1 _aCruz Ayala, Hernán
_943266
_4rev.
_erevisor
910 _aValidado. Control de calidad EMS
942 _2ddc
_cLBS1
999 _c27108
_d27108